[Event "Moscow op-A"]
[Site "Moscow"]
[Date "2012.02.02"]
[Round "6"]
[White "Omariev, Maksim"]
[Black "Mamedov, Elshad"]
[Result "1/2-1/2"]
[WhiteElo "2348"]
[BlackElo "2115"]
[PlyCount "64"]
[EventDate "2012.01.28"]
[EventType "swiss"]
[EventRounds "9"]
[EventCountry "RUS"]
[SourceTitle "CBM 146 Extra"]
[Source "ChessBase"]
[SourceDate "2012.02.29"]
[SourceVersion "1"]
[SourceVersionDate "2012.02.29"]
[SourceQuality "1"]

1. c4 d6 2. g3 Nd7 3. Bg2 c6 4. b3 Ngf6 5. Bb2 g5 6. e3 h5 7. Nf3 Rg8 8. d4 Bh6 9. h4 g4 10. Nfd2 Nf8 11. Qc2 Bd7 12. Nc3 Qa5 13. 0-0 Ng6 14. a3 Nh7 15. Be4 Nhf8 16. b4 Qd8 17. Bd3 d5 18. cxd5 cxd5 19. Nxd5 Rc8 20. Nc3 Nxh4 21. gxh4 e6 22. Kg2 f5 23. Nc4 Ng6 24. Rg1 Bc6+ 25. Kf1 Nxh4 26. d5 Bxd5 27. Nxd5 Qxd5 28. Nd6+ Ke7 29. Nxc8+ Rxc8 30. Qe2 Nf3 31. Rd1 Rd8 32. Bc2 Nh2+ 1/2-1/2